Riddles: What Am I? Quiz Stats

 Plays Quiz Updated Nov 29, 2015

Also try: Riddles Me This
Challenge
Share
Tweet
Embed
Score 0/17 Timer 05:00
3 Plays Today
What Am I? Answer % Correct
Take off my skin, I won't cry, but you will.Onion
77.5%
I am lighter than a feather yet no man can hold me for long.Breath
70.9%
I always run but never walk, often murmur but never talk, have a bed but never sleep, have a mouth but never eat.River
66.1%
The more there is of me the less you see.Darkness
63.8%
I am tall when I'm new and short when I'm old I give off my own light but cannot turn it on.Candle
56.4%
Until I am measured, I am not known. Yet how you miss me, when I have flown. Time
56.2%
From the beginning of eternity, to the end of time and space, to the beginning of every end and the end of every place.The Letter E
55.9%
You can see me in water but I never get wet.Reflection
53%
I am full of holes, yet I am full of water.Sponge
51.3%
What Am I? Answer % Correct
I am a three digit number. My second digit is four times more than my third digit. My first digit is seven less than my second digit.182
49.6%
Take one out and scratch my head, I am now black but once was red.A Match
47.6%
I can bring a smile to your face, a tear to your eye or even a thought to your mind, but I can't be seen.Memory
47.4%
I have not flesh nor feathers nor scales nor bone. Yet I have fingers and thumbs of my own.A glove
35.1%
Only one color, but not one size. Stuck at the bottom, yet I easily fly. Present in sun, but not in rain. Doing no harm, and feeling no pain.Shadow
31.6%
No legs have I to dance, No lungs have I to breathe, No life have I to live or die And yet I do all four.Fire
25.7%
I'm sometimes full, but I never overflow.The Moon
18.1%
The more you take of me, the more you end up leaving behind.Footsteps
13.3%

You're not logged in!

Compare scores with friends on all Sporcle quizzes.
OR
Log In

You Might Also Like...

Show Comments

Extras

Top Quizzes Today


Score Distribution

Your Account Isn't Verified!

In order to create a playlist on Sporcle, you need to verify the email address you used during registration. Go to your Sporcle Settings to finish the process.

Report this User

Report this user for behavior that violates our Community Guidelines.

Details: